00625nam a2200145Ia 4500008004100000020001800041082002900059110007400088245009000162260004500252300001100297651005100308952010300359999001700462120622s9999 xx 000 0 und d a970-13-0019-X a320.972 M611p Anexo 1995 aMéxico. Presidente ( 1994-2000 : Zedillo Ponce de León, Ernesto ) aPlan nacional de desarrollo 1995-2000 : buzones de consulta popular : memoria general aMéxico : Presidencia de la República a271 p. a1. MEXICO - POLITICA Y GOBIERNO - 1994-2000Ì 00104070a01b01d2007-01-25l0o320.972 M611P ANEXO 1995p01 004042r2012-06-24w2012-06-24yLB c55879d55879